书目信息 |
| 题名: |
墙面造型及选材图典
|
|
| 作者: | ;理想·宅 编 | |
| 分册: | 悠闲田园 | |
| 出版信息: | 北京 化学工业出版社 2014 |
|
| 页数: | 128页 | |
| 开本: | 24cm | |
| 丛书名: | ||
| 单 册: | ||
| 中图分类: | TU767-64 | |
| 科图分类: | ||
| 主题词: | 住宅--Zhu Zhai--墙面装修--室内装饰设计--图集 , 住宅--Zhu Zhai--墙面装修--装修材料--图集 | |
| 电子资源: | ||
| ISBN: | 978-7-122-20364-9 | |
| 000 | 01205nam 2200265 450 | |
| 001 | 1668134763 | |
| 005 | 20140521135900.7 | |
| 010 | @a978-7-122-20364-9@dCNY39.80 | |
| 100 | @a20140606d2014 em y0chiy0120 ea | |
| 101 | 0 | @achi |
| 102 | @aCN@b110000 | |
| 105 | @aa z 000yy | |
| 106 | @ar | |
| 200 | 1 | @a墙面造型及选材图典@AQiang Mian Zao Xing Ji Xuan Cai Tu Dian@i悠闲田园@f理想·宅编 |
| 210 | @a北京@c化学工业出版社@d2014 | |
| 215 | @a128页@c彩图@d24cm | |
| 330 | @a本套书总结了现有的流行趋势, 分为现代时尚、清新简约、经典复古、悠闲田园四种主流风格, 详细地讲解每种风格的墙面经典造型设计以及材料的搭配, 并对材料在不同风格下的应用做了实用介绍。结合具体实际案例加以说明, 使初学者也能够轻松的塑造出具有代表性的家居风格。每册包含客厅、餐厅、玄关、卧室及书房五个功能空间, 全书以图文结合的方式将每张图片进行解说, 并搭配相应类型的小知识, 着力体现装修图典的阅读参考效果。 | |
| 333 | @a室内装饰设计相关人员 | |
| 517 | 1 | @a悠闲田园@AYou Xian Tian Yuan |
| 606 | 0 | @a住宅@AZhu Zhai@x墙面装修@x室内装饰设计@j图集 |
| 606 | 0 | @a住宅@AZhu Zhai@x墙面装修@x装修材料@j图集 |
| 690 | @aTU767-64@v5 | |
| 711 | 02 | @a理想·宅@ALi Xiang · Zhai@4编 |
| 801 | 0 | @aCN@b江苏新华@c20150511 |
| 905 | @aBZT@dTU767-64@e3 | |
| 墙面造型及选材图典.悠闲田园/理想·宅编.-北京:化学工业出版社,2014 |
| 128页:彩图;24cm |
| 使用对象:室内装饰设计相关人员 |
| ISBN 978-7-122-20364-9:CNY39.80 |
| 本套书总结了现有的流行趋势, 分为现代时尚、清新简约、经典复古、悠闲田园四种主流风格, 详细地讲解每种风格的墙面经典造型设计以及材料的搭配, 并对材料在不同风格下的应用做了实用介绍。结合具体实际案例加以说明, 使初学者也能够轻松的塑造出具有代表性的家居风格。每册包含客厅、餐厅、玄关、卧室及书房五个功能空间, 全书以图文结合的方式将每张图片进行解说, 并搭配相应类型的小知识, 着力体现装修图典的阅读参考效果。 |
| ● |
| 相关链接 |
|
|
|
正题名:墙面造型及选材图典
索取号:TU767-64/3
 
预约/预借
| 序号 | 登录号 | 条形码 | 馆藏地/架位号 | 状态 | 备注 |
| 1 | 799623 | 2000799623 | 第二书库/ [索取号:TU767-64/3] | 在馆 | |
| 2 | 799624 | 2000799624 | 第二书库/ [索取号:TU767-64/3] | 在馆 | |
| 3 | 799625 | 2000799625 | 第二书库/ [索取号:TU767-64/3] | 在馆 |